Christmas Movies - The Last 40 Years - Statistics

General Stats
  • This quiz has been taken 20 times
  • The average score is 14 of 41
Answer Stats
Picture Answer % Correct
Die Hard (1988)
94%
Home Alone (1990)
94%
How The Grinch Stole Christmas (2000)
94%
The Polar Express (2004)
94%
Jingle All The Way (1996)
88%
The Nightmare Before Christmas (1993)
88%
The Muppet Christmas Carol (1992)
76%
Love Actually (2003)
71%
Miracle On 34th Street (1994)
71%
The Snowman And The Snowdog (2012)
65%
Arthur Christmas (2011)
53%
National Lampoon’s Christmas Vacation (1989)
53%
The Christmas Chronicles (2018)
53%
Deck The Halls (2006)
41%
Red One (2024)
41%
A Christmas Carol (1999)
35%
Four Christmases (2008)
29%
Krampus (2015)
29%
Last Christmas (2019)
29%
Santa Claus: The Movie (1985)
29%
A Bad Moms Christmas (2017)
24%
Fatman (2020)
18%
Nativity! (2009)
18%
Spirited (2022)
18%
Babes In Toyland (1997)
12%
Home For The Holidays (1995)
12%
I’ll Be Home For Christmas (1998)
12%
Office Christmas Party (2016)
12%
The Family Stone (2005)
12%
All Is Bright (2013)
6%
All I Want For Christmas (1991)
6%
Call Me Claus (2001)
6%
Christmas Comes To Willow Creek (1987)
6%
Genie (2023)
6%
Get Santa (2014)
6%
I Saw Mommy Kissing Santa Claus (2002)
6%
Oh. What. Fun. (2025)
6%
Rare Exports: A Christmas Tale (2010)
6%
Single All The Way (2021)
6%
The Christmas Star (1986)
6%
This Christmas (2007)
6%
No matching quizzes found
Score Distribution
Percent of People with Each Score
Percentile by Number Answered
Your Score History
You have not taken this quiz